000 00754cam a2200181Ia 4500
040 _cDLC
082 _a333 FAC 2005 C074 Or.
100 0 _aMak Sithirith
245 1 0 _aDecentralization and Natural Resource Management in Cambodia:
_blmplication of the Decentralization Process to Date A Case Studies in Pursat Province/
260 _aChiang Mai, Thailand :
_bRegional Center for Social Science and Sustainable Development, Faculty of Social Sciences, Chiang Mai University,
_c[2005]
300 _a29 p. :
_bill. (chiefly col.), maps (chiefly col.) ;
_c22 cm
500 _a"March 2007."
650 0 _aEconomic development
650 0 _aEconomic development
650 0 _aEconomic development
650 0 _aWater resources development
942 _cAEDBB
999 _c22553
_d22553